[Event "Riga Tech op-A"]
[Site "Riga"]
[Date "2023.08.09"]
[Round "4"]
[White "Ratsma, Midas"]
[Black "Wadsworth, Matthew J"]
[Result "0-1"]
[WhiteElo "2176"]
[BlackElo "2445"]
[PlyCount "76"]
[EventDate "2023.08.07"]
[EventType "swiss"]
[EventRounds "9"]
[EventCountry "LAT"]
[SourceTitle "CBM 215 Extra"]
[Source "ChessBase"]
[SourceDate "2023.09.30"]
[SourceVersion "1"]
[SourceVersionDate "2023.09.30"]
[SourceQuality "1"]

1. e4 e6 2. d4 d5 3. exd5 exd5 4. c4 Nf6 5. Nc3 Be7 6. Nf3 0-0 7. Be2 dxc4 8. Bxc4 Bg4 9. 0-0 Nbd7 10. h3 Bh5 11. g4 Bg6 12. Ne5 Nb6 13. Bb3 Nfd5 14. f4 f5 15. Bxd5+ Nxd5 16. Qb3 c6 17. Qxb7 Be8 18. Nxc6 Bxc6 19. Qxc6 Nb4 20. Qe6+ Kh8 21. Be3 Bd6 22. Nb5 Bb8 23. Bd2 Nc2 24. Rac1 a6 25. Qc6 Nxd4 26. Nxd4 Ba7 27. Kg2 Bxd4 28. Bc3 Rc8 29. Qxa6 Qd5+ 30. Kg3 Rce8 31. Rcd1 Re3+ 32. Kh2 fxg4 33. hxg4 Qd8 34. g5 Qe8 35. Kg2 Qh5 36. Qh6 Qg4+ 37. Kh2 Re2+ 38. Kh1 Qg2# 0-1

[Event "Cesme op-A 9th"]
[Site "Cesme"]
[Date "2023.06.21"]
[Round "4"]
[White "Ratsma, Midas"]
[Black "Mohammadi, Melika"]
[Result "1/2-1/2"]
[WhiteElo "2218"]
[BlackElo "2062"]
[PlyCount "115"]
[EventDate "2023.06.19"]
[EventType "swiss"]
[EventRounds "9"]
[EventCountry "TUR"]
[SourceTitle "CBM 214 Extra"]
[Source "ChessBase"]
[SourceDate "2023.07.31"]
[SourceVersion "1"]
[SourceVersionDate "2023.07.31"]
[SourceQuality "1"]

1. e4 e5 2. Nf3 Nc6 3. d4 exd4 4. Nxd4 Nf6 5. Nc3 Bb4 6. Nxc6 bxc6 7. Bd3 d5 8. exd5 0-0 9. 0-0 cxd5 10. Bg5 c6 11. Qf3 Bd6 12. h3 Rb8 13. b3 Be5 14. Bf4 Qc7 15. Bxe5 Qxe5 16. Rfe1 Qc7 17. Na4 a5 18. c4 Bd7 19. Rac1 Qd6 20. c5 Qc7 21. Bb1 Rfe8 22. Qc3 Be6 23. Nb2 Red8 24. Qd4 Rb4 25. Qd1 Rh4 26. Rc3 d4 27. Rg3 Rd5 28. Qc1 Qe7 29. Na4 Rhh5 30. Bd3 Rde5 31. Rxe5 Rxe5 32. Qf4 Rd5 33. Qb8+ Rd8 34. Qb6 Nh5 35. Rf3 Bd5 36. Rf5 g6 37. Re5 Qxe5 38. Qxd8+ Kg7 39. Nb6 Qe1+ 40. Kh2 Nf6 41. Nxd5 Nxd5 42. Qh4 Qc3 43. Qe4 Qxc5 44. Qe5+ Kg8 45. Qe8+ Kg7 46. Qe5+ f6 47. Qe6 Nf4 48. Qd7+ Kh6 49. Bc4 Nd5 50. h4 Nb6 51. Qd8 Nxc4 52. bxc4 Kg7 53. Qd7+ Kg8 54. Qd8+ Kg7 55. Qd7+ Kh6 56. Qd8 Kg7 57. Qd7+ Kh6 58. Qd8 1/2-1/2

[Event "Titled Tuesday intern op 21st Mar Early"]
[Site "Chess.com INT"]
[Date "2023.03.21"]
[Round "4"]
[White "Baskin, Robert"]
[Black "Ratsma, Midas"]
[Result "0-1"]
[WhiteElo "2438"]
[BlackElo "2234"]
[PlyCount "62"]
[EventDate "2023.03.21"]
[EventType "swiss (blitz)"]
[EventRounds "11"]
[EventCountry "USA"]
[SourceTitle "EXT 2024"]
[Source "ChessBase"]
[SourceDate "2023.10.10"]
[SourceVersion "1"]
[SourceVersionDate "2023.10.10"]
[SourceQuality "1"]

1. c4 e5 2. g3 Nf6 3. Bg2 Nc6 4. Nc3 Bb4 5. Nd5 Bc5 6. e3 0-0 7. Ne2 a6 8. 0-0 d6 9. d4 Ba7 10. h3 Be6 11. Nxf6+ Qxf6 12. d5 Bd7 13. dxc6 Bxc6 14. Nc3 Bxg2 15. Kxg2 c6 16. e4 b5 17. cxb5 axb5 18. Be3 Bd4 19. Bxd4 exd4 20. Ne2 c5 21. b4 Rfe8 22. f3 Ra3 23. Nf4 c4 24. Nd5 Qe5 25. Re1 d3 26. Qd2 Qd4 27. Qe3 Qb2+ 28. Kh1 d2 29. Qf4 dxe1Q+ 30. Rxe1 Qf2 31. Re3 Rxa2 0-1

[Event "Leiden Noteboom Memorial 82nd"]
[Site "Leiden"]
[Date "2023.02.25"]
[Round "2"]
[White "Ratsma, Midas"]
[Black "Karthik, Venkataraman"]
[Result "0-1"]
[WhiteElo "2222"]
[BlackElo "2515"]
[PlyCount "58"]
[EventDate "2023.02.24"]
[EventType "swiss"]
[EventRounds "6"]
[EventCountry "NED"]
[SourceTitle "CBM 212 Extra"]
[Source "ChessBase"]
[SourceDate "2023.03.31"]
[SourceVersion "1"]
[SourceVersionDate "2023.03.31"]
[SourceQuality "1"]

1. e4 c6 2. d4 d5 3. e5 Bf5 4. g4 Be4 5. f3 Bg6 6. e6 Qd6 7. exf7+ Bxf7 8. Nc3 Nd7 9. f4 h5 10. g5 e6 11. Bh3 Ne7 12. Nf3 h4 13. Bg4 Bg6 14. Qe2 Bf5 15. Bxf5 Nxf5 16. Nd1 0-0-0 17. c3 Qe7 18. Ne3 Qf7 19. 0-0 Qg6 20. Qc2 h3 21. Bd2 Bd6 22. Nxf5 exf5 23. Rae1 Qh5 24. Kf2 Rde8 25. Qxf5 Ref8 26. Qe6 Bxf4 27. Bxf4 Rxf4 28. Kg3 Rxf3+ 29. Rxf3 Qh4# 0-1

[Event "Utrecht Keres Memorial"]
[Site "Utrecht"]
[Date "2022.05.27"]
[Round "2"]
[White "Reichardt, Robin"]
[Black "Ratsma, Midas"]
[Result "0-1"]
[WhiteElo "2041"]
[BlackElo "2200"]
[PlyCount "86"]
[EventDate "2022.05.27"]
[EventType "swiss"]
[EventRounds "6"]
[EventCountry "NED"]
[SourceTitle "CBM 208 Extra"]
[Source "ChessBase"]
[SourceDate "2022.07.31"]
[SourceVersion "1"]
[SourceVersionDate "2022.07.31"]
[SourceQuality "1"]

1. d4 Nf6 2. c4 e6 3. Nf3 Bb4+ 4. Bd2 Bxd2+ 5. Qxd2 0-0 6. Nc3 d5 7. e3 Qe7 8. Bd3 dxc4 9. Bxc4 b6 10. 0-0 Bb7 11. Qe2 Nbd7 12. Rfd1 a6 13. a3 b5 14. Ba2 c5 15. dxc5 Nxc5 16. Rac1 Rac8 17. Nd4 Rc7 18. Bb1 Rfc8 19. f3 g6 20. b4 Na4 21. Na2 e5 22. Nb3 Bd5 23. Rxc7 Rxc7 24. Nbc1 e4 25. fxe4 Nxe4 26. Rxd5 Nec3 27. Qd3 Nxd5 28. Qxd5 Qxe3+ 29. Kf1 Rxc1+ 30. Nxc1 Qxc1+ 31. Kf2 Qxb1 32. Qd8+ Kg7 33. Qd4+ f6 34. Qd7+ Kh6 35. Qh3+ Kg5 36. Qe3+ Kf5 37. g4+ Kxg4 38. Qf3+ Kg5 39. h4+ Kxh4 40. Qxf6+ Kh5 41. Qf3+ Kg5 42. Qe3+ Kf5 43. Qf3+ Ke5 0-1

[Event "Skalica op"]
[Site "Skalica"]
[Date "2021.08.27"]
[Round "7"]
[White "Ratsma, Midas"]
[Black "Tobak, Mikhail"]
[Result "1-0"]
[WhiteElo "2215"]
[BlackElo "2087"]
[PlyCount "131"]
[EventDate "2021.08.21"]
[EventType "swiss"]
[EventRounds "9"]
[EventCountry "SVK"]
[SourceTitle "CBM 204 Extra"]
[Source "ChessBase"]
[SourceDate "2021.11.30"]
[SourceVersion "1"]
[SourceVersionDate "2021.11.30"]
[SourceQuality "1"]

1. e4 Nf6 2. e5 Nd5 3. d4 d6 4. c4 Nb6 5. f4 dxe5 6. fxe5 Nc6 7. Be3 Bf5 8. Nc3 e6 9. Be2 Qd7 10. Nf3 0-0-0 11. 0-0 Bg4 12. c5 Nd5 13. Nxd5 Qxd5 14. b4 Qe4 15. Qd2 f6 16. h3 Bf5 17. Qc3 fxe5 18. Rad1 Nxb4 19. Ng5 Qc2 20. Qxb4 Qxe2 21. Rde1 Qc2 22. Rf2 Qd3 23. Nf7 exd4 24. Rd2 Qe4 25. Bf2 Qd5 26. Re5 Qd7 27. Nxd8 Qxd8 28. Rxd4 Qe8 29. g4 Bg6 30. Bh4 b6 31. Rd8+ Qxd8 32. Bxd8 Bxc5+ 33. Rxc5 bxc5 34. Qxc5 Rxd8 35. Qxa7 Rd1+ 36. Kf2 Rd2+ 37. Kg3 Rd3+ 38. Kh2 Rd2+ 39. Kg1 Rd3 40. Qa6+ Kb8 41. Kh2 Rd2+ 42. Kg3 Rd3+ 43. Kh4 Rd6 44. Qb5+ Rb6 45. Qe5 Ra6 46. a4 Kb7 47. Kg3 Rd6 48. Qxg7 Rd3+ 49. Kh4 Rd5 50. Qb2+ Ka7 51. Kg3 e5 52. h4 Rd3+ 53. Kf2 e4 54. h5 e3+ 55. Kf3 Be8 56. Qc2 Rd7 57. Kxe3 h6 58. Qc5+ Kb7 59. Qb4+ Ka7 60. Qf8 Bxh5 61. Qc5+ Kb7 62. gxh5 Rd6 63. Ke4 Re6+ 64. Kf5 Rb6 65. a5 Ra6 66. Ke5 1-0

[Event "Skalica op"]
[Site "Skalica"]
[Date "2021.08.26"]
[Round "6"]
[White "Bednar, Jan"]
[Black "Ratsma, Midas"]
[Result "0-1"]
[WhiteElo "2047"]
[BlackElo "2215"]
[PlyCount "50"]
[EventDate "2021.08.21"]
[EventType "swiss"]
[EventRounds "9"]
[EventCountry "SVK"]
[SourceTitle "CBM 204 Extra"]
[Source "ChessBase"]
[SourceDate "2021.11.30"]
[SourceVersion "1"]
[SourceVersionDate "2021.11.30"]
[SourceQuality "1"]

1. e4 c6 2. d4 d5 3. exd5 cxd5 4. Bd3 Nc6 5. c3 Nf6 6. Bf4 Bg4 7. Ne2 e6 8. h3 Bh5 9. Nd2 Bd6 10. Bxd6 Qxd6 11. Qb3 0-0 12. Ng3 e5 13. Nf5 Qe6 14. Qxb7 exd4+ 15. Kf1 Rfe8 16. g4 Rab8 17. Qa6 Rxb2 18. Nf3 Bxg4 19. Re1 Bxf3 20. Rxe6 Rxe6 21. Rg1 Nb4 22. Qc8+ Re8 23. Nh6+ Kf8 24. Qc5+ Re7 25. Nf5 Rxf2+ 0-1

[Event "Skalica op"]
[Site "Skalica"]
[Date "2021.08.23"]
[Round "3"]
[White "Ratsma, Midas"]
[Black "Travnicek, Krystof Mikulas"]
[Result "1/2-1/2"]
[WhiteElo "2215"]
[BlackElo "2072"]
[PlyCount "138"]
[EventDate "2021.08.21"]
[EventType "swiss"]
[EventRounds "9"]
[EventCountry "SVK"]
[SourceTitle "CBM 204 Extra"]
[Source "ChessBase"]
[SourceDate "2021.11.30"]
[SourceVersion "1"]
[SourceVersionDate "2021.11.30"]
[SourceQuality "1"]

1. e4 c5 2. Nf3 Nc6 3. d4 cxd4 4. Nxd4 g6 5. c4 Nf6 6. Nc3 d6 7. Be2 Nxd4 8. Qxd4 Bg7 9. 0-0 0-0 10. Qd3 Be6 11. Be3 Qa5 12. b3 Nd7 13. Bd4 Bxd4 14. Qxd4 Rfc8 15. f4 Qb6 16. Qxb6 Nxb6 17. f5 Bd7 18. f6 Kf8 19. Rad1 Rd8 20. Rd3 a6 21. g4 h6 22. Rh3 exf6 23. Rxf6 Be6 24. Rxh6 Kg7 25. g5 Nd7 26. Rf1 f6 27. h4 fxg5 28. hxg5 Rac8 29. Kg2 b5 30. Rfh1 Nf8 31. Nd5 Bxd5 32. exd5 bxc4 33. Bxc4 Re8 34. Rf1 Re5 35. Rh3 Rxg5+ 36. Rg3 Rxg3+ 37. Kxg3 a5 38. Bb5 Rc2 39. a3 Nh7 40. Kf4 Nf6 41. Bc4 Nd7 42. Rb1 Nb6 43. Kg5 Rg2+ 44. Kf4 Rc2 45. Kg5 a4 46. Re1 Rg2+ 47. Kf4 axb3 48. Bxb3 Rb2 49. Re3 Kh6 50. a4 Nd7 51. Bd1 Nc5 52. Rh3+ Kg7 53. Ra3 Rd2 54. Ra1 Rxd5 55. a5 g5+ 56. Kg4 Kf6 57. Bf3 Rd4+ 58. Kg3 Ra4 59. Rxa4 Nxa4 60. a6 Nb6 61. a7 Ke5 62. Kg4 Kf6 63. Bb7 Ke5 64. Kxg5 d5 65. Kg4 Kd6 66. Kf3 Kc7 67. Bxd5 Na8 68. Bxa8 Kb6 69. Be4 Kxa7 1/2-1/2

[Event "Skalica op"]
[Site "Skalica"]
[Date "2021.08.21"]
[Round "1"]
[White "Ratsma, Midas"]
[Black "Mandak, Miroslav"]
[Result "1-0"]
[WhiteElo "2215"]
[BlackElo "1910"]
[PlyCount "63"]
[EventDate "2021.08.21"]
[EventType "swiss"]
[EventRounds "9"]
[EventCountry "SVK"]
[SourceTitle "CBM 204 Extra"]
[Source "ChessBase"]
[SourceDate "2021.11.30"]
[SourceVersion "1"]
[SourceVersionDate "2021.11.30"]
[SourceQuality "1"]

1. e4 c5 2. Nf3 e6 3. d4 cxd4 4. Nxd4 Nf6 5. Nc3 Nc6 6. Nxc6 dxc6 7. Qxd8+ Kxd8 8. Bg5 h6 9. 0-0-0+ Bd7 10. Bd2 b5 11. f3 e5 12. Be3 Kc7 13. Kb1 Bb4 14. Ne2 Rhd8 15. Nc1 Be6 16. Be2 Rxd1 17. Rxd1 Nd7 18. Nb3 a5 19. Nd2 a4 20. a3 Ba5 21. h4 Bb6 22. Nf1 Bxe3 23. Nxe3 Nb6 24. Kc1 Rd8 25. Rxd8 Kxd8 26. Kd2 Kc7 27. Kc3 Nc8 28. Kb4 Kb6 29. c4 Na7 30. cxb5 cxb5 31. Nd5+ Kc6 32. Nc3 1-0

[Event "Spilimbergo op 19th"]
[Site "Spilimbergo"]
[Date "2021.08.09"]
[Round "1"]
[White "Bosiocic, Marin"]
[Black "Ratsma, Midas"]
[Result "1-0"]
[WhiteElo "2610"]
[BlackElo "2215"]
[PlyCount "65"]
[EventDate "2021.08.09"]
[EventType "swiss"]
[EventRounds "9"]
[EventCountry "ITA"]
[SourceTitle "CBM 203 Extra"]
[Source "ChessBase"]
[SourceDate "2021.09.30"]
[SourceVersion "1"]
[SourceVersionDate "2021.09.30"]
[SourceQuality "1"]

1. e4 c6 2. Nf3 d5 3. Nc3 Bg4 4. h3 Bxf3 5. Qxf3 e6 6. g3 d4 7. Nb1 c5 8. d3 Nc6 9. Bg2 Bd6 10. Qe2 Nge7 11. 0-0 a6 12. f4 e5 13. Nd2 b5 14. a4 Rc8 15. Nf3 Qc7 16. Nh4 Qd7 17. Nf5 0-0 18. axb5 axb5 19. Qg4 Nxf5 20. exf5 Nb4 21. Rf2 c4 22. Be4 cxd3 23. cxd3 Nc2 24. Rb1 f6 25. Bd5+ Kh8 26. Be6 Qa7 27. Bxc8 Rxc8 28. Bd2 Qa2 29. Rc1 Qxb2 30. fxe5 Bxe5 31. Qd1 b4 32. Bxb4 Qxb4 33. Rfxc2 1-0

[Event "Skalica Masters op"]
[Site "Skalica"]
[Date "2020.08.25"]
[Round "4"]
[White "Ratsma, Midas"]
[Black "Ihnat, Marek1111"]
[Result "1-0"]
[WhiteElo "2245"]
[BlackElo "2046"]
[PlyCount "71"]
[EventDate "2020.08.23"]
[EventType "swiss"]
[EventRounds "9"]
[EventCountry "SVK"]
[SourceTitle "CBM 198 Extra"]
[Source "ChessBase"]
[SourceDate "2020.11.30"]
[SourceVersion "1"]
[SourceVersionDate "2020.11.30"]
[SourceQuality "1"]

1. d4 Nf6 2. Bg5 Ne4 3. Bf4 c5 4. f3 Qa5+ 5. c3 Nf6 6. d5 Qb6 7. e4 Qxb2 8. Nd2 Qxc3 9. Bc7 d6 10. Bb5+ Bd7 11. a4 Bxb5 12. axb5 Nfd7 13. Ne2 Qb2 14. Rb1 Qf6 15. 0-0 g6 16. Ba5 Bh6 17. f4 0-0 18. Bc3 e5 19. fxe5 Qe7 20. exd6 Qxd6 21. Nc4 Qe7 22. Ng3 Bg7 23. Bxg7 Kxg7 24. Qg4 Kh8 25. Rb3 Ne5 26. Nxe5 Qxe5 27. Rbf3 Qe8 28. Qe6 Qxe6 29. dxe6 f6 30. Rxf6 Rxf6 31. Rxf6 Kg8 32. e5 a6 33. Rf7 axb5 34. Ne4 Ra1+ 35. Kf2 Ra2+ 36. Ke1 1-0

[Event "Skalica Masters op"]
[Site "Skalica"]
[Date "2020.08.23"]
[Round "1"]
[White "Matis, Tibor"]
[Black "Ratsma, Midas"]
[Result "0-1"]
[WhiteElo "1972"]
[BlackElo "2245"]
[PlyCount "50"]
[EventDate "2020.08.23"]
[EventType "swiss"]
[EventRounds "9"]
[EventCountry "SVK"]
[SourceTitle "CBM 198 Extra"]
[Source "ChessBase"]
[SourceDate "2020.11.30"]
[SourceVersion "1"]
[SourceVersionDate "2020.11.30"]
[SourceQuality "1"]

1. e4 c6 2. c4 d5 3. exd5 cxd5 4. cxd5 Nf6 5. Nc3 Nxd5 6. d4 Nc6 7. Nf3 Bg4 8. Be2 Nxc3 9. bxc3 e6 10. 0-0 Be7 11. Bf4 0-0 12. h3 Bf5 13. Ne5 Rc8 14. Qd2 Nxe5 15. Bxe5 Bg5 16. Qb2 Be4 17. c4 Qa5 18. d5 exd5 19. Bxg7 Rfe8 20. Bh8 Bh6 21. Rfd1 dxc4 22. Bc3 Qg5 23. Bf1 b5 24. Rd6 Bf8 25. Rd2 b4 0-1